02783nam a2200337 a 4500001000200000003000900002005001700011008004100028020001700069040002300086082002900109100002600138245008700164260004600251300003300297500005800330504003200388505150700420590002601927650003201953650001901985650002902004650003702033650002302070650002602093910001102119942001202130952014202142952014402284999001702428 DO-SdBNP20210517122026.0181204s2018 dr a r 000 0 spa d z978684198245 aBPMSU bspacBPMSU a658.3125bD418e 20182221 aD'Oleo Puig, Jonathan10aEmprende dinámica : bconceptos, paradigmas y finanzas /cJonathan D'oleo Puig. aSanto Domingo :bD'oleo Analytica,c2018. aiii, 251 p. :bil. ;c22 cm. aIncluye datos biográficos del autor en las solapas  aBibliografía : p. 249-251 aPrólogo -- Del análisis a la ejecución -- El significado de emprender -- Emprenda lo que entienda -- Sostenibilidad y estrategia -- Más allá del ensayo-error -- En ti está el detalle -- Saber antes de probar -- Inteligencia empresarial -- Alteraciones disruptivas -- Segmentando el mercado -- Análisis marginal -- Sinfonía empresarial -- Riesgo y oportunidad -- Calidad: clave de la felicidad -- Causalidad -- Cultura de trabajo en equipo -- Lo que se mide se consigue -- Delega y sé estratega -- Engendrar versus crear -- Comunica acción -- Cambio y continuidad -- Ètica: más allá de la estética -- Disrupción en acción -- Estrategia del océano azúl -- El negocio está en la tinta -- Motivación -- William Edwards Deming -- Èxito en velocidad crucero -- Glocalización -- ¡Ocio! ¿Bueno para los negocios? -- Emprende tu frustración -- Apuntemos...por si las moscas -- ¿Qué es lo que vendes? -- Ventanas por espejos -- Llena el blanco -- Calla y emprende -- Estándar de excelencia -- Jesús: maestro emprendedor -- De lo que aprendí en Wall Street -- Diversificación -- Principios de ahorro e inversión -- ¿Inversionista o consumidor inmediatista? -- Evaluando riesgos; conquistando sueños -- El inversionista inteligente -- De lo pecuario a lo monetario -- Gastos de temporada -- Voz, verbo y dinero -- De la cueva al mundo de las ideas -- La empresa en la era posmoderna, -- De lo medible a lo insondable -- Sintetizando la dinámica. aInventariado, 2021/VM 4aAdministración de empresa 4aEmprendimiento 4aÉxito en los negocios. 4aMotivación para el rendimiento 4aCoaching ejecutivo 4aDinámica de grupos. aVMateo 2ddccBK 00102ddc40708CDaBPMETbBPMETd2021-05-17eEditora BúhooBPMSU CD 658.3125 D418e 2018pBPMSU21050103r2021-05-17t w2021-05-17yBK 00102ddc40708CDaBPMETbBPMETd2021-05-17eEditora BúhooBPMSU CD 658.3125 D418e 2018pBPMSU21100075r2021-10-11te.2w2021-05-17yBK c13506d13506